Пропуск в контексте

Акустическая безопасность учебно-методическое пособие

Учебно-методическое пособие разработано для изучения дисциплины и выполнения практических работ по курсу «Акустическая безопасность», а также оказания помощи студентам в организации самостоятельной работы при освоении данной дисциплины. Предназначено для студентов направления подготовки 20.04.01 «Те...

Полное описание

Сохранить в:
Библиографические подробности
Главный автор: Краснов А. В.
Формат: Книга
Язык:Russian
Опубликовано: Тольятти ТГУ 2023
Online-ссылка:https://e.lanbook.com/book/407600
https://e.lanbook.com/img/cover/book/407600.jpg
Метки: Добавить метку
Нет меток, Требуется 1-ая метка записи!
LEADER 02057nam0a2200277 i 4500
001 407600
003 RuSpLAN
005 20240506124115.0
008 240506s2023 ru gs 000 0 rus
020 |a 978-5-8259-1354-4 
040 |a RuSpLAN 
041 0 |a rus 
044 |a ru 
080 |a 534.83(075.8) 
084 |a 38.92я73  |2 rubbk 
245 0 0 |a Акустическая безопасность  |b учебно-методическое пособие  |c Краснов А. В. 
260 |a Тольятти  |b ТГУ  |c 2023 
300 |a 79 с. 
504 |a Библиогр.: доступна в карточке книги, на сайте ЭБС Лань 
520 8 |a Учебно-методическое пособие разработано для изучения дисциплины и выполнения практических работ по курсу «Акустическая безопасность», а также оказания помощи студентам в организации самостоятельной работы при освоении данной дисциплины. Предназначено для студентов направления подготовки 20.04.01 «Техносферная безопасность», профиль «Системы управления производственной, промышленной и экологической безопасностью». В учебно-методическом пособии рассмотрены вопросы обеспечения акустической безопасности в производственных помещениях и на селитебных территориях. 
521 8 |a Книга из коллекции ТГУ - Инженерно-технические науки 
521 8 |a СЭБ 
100 1 |a Краснов А. В. 
856 4 |u https://e.lanbook.com/book/407600 
856 4 8 |u https://e.lanbook.com/img/cover/book/407600.jpg 
953 |a https://e.lanbook.com/img/cover/book/407600.jpg